000 00965nam0a22002651 4500
001 rc\4514668
005 20260406094454.0
021 _aRU
_b[57-22062]
035 _a(NLR Aleph) 008621335
090 _a8825097
_c8825097
100 _a20130416d1957 u y0rusy50 ca
101 0 _arus
102 _aRU
105 _ay z |||||
200 1 _aКолхозным полям - хорошие семена
_fМ-во сельского хозяйства Каз. ССР. Гл. упр. с.-х. науки
210 _aАлма-Ата
_cБ. и.
_d1957
215 _a16 с.
_d17
300 _aПеред загл. авт.: А. Карпов, агр.
606 _aСеменоводство
_yКазахская ССР
_2psbo
700 1 _7ca
_8rus
_aКарпов
_bА. В.
_cагроном
_gАлексей Васильевич
_3RU\NLR\AUTH\770286819
_92686588
801 0 _aRU
_bNLR
_gpsbo
801 1 _aRU
_bELAR
_2rusmarc
852 _aNLR
_j57-2/797
942 _cBOOK
980 _aNB